000 00328cam a22001097a 4500
008 180718b-- xxu||||| |||| 00| 0 eng d
082 _aT000x5441
100 _aGujarat. Planning Division. Department of General Administration
245 _aFive year plan, Gujarat
260 _aGandhinagar
_bThe author
_c--
500 _aLibrary has 8
999 _c476137
_d476137